000 00494nam a2200181Ia 4500
008 090124s9999 xx 000 0 und d
082 _b37738
100 _aधारप नारायण
245 _a ग्रहण
250 _a1
260 _bदिलीप प्रकाशन
_c2001
300 _a191
600 _aधारप नारायण
630 _a ग्रहण
700 _aधारप नारायण
730 _a ग्रहण
942 _cBOOK
999 _c103802
_d103802